00510cam a22002057a 4500003000500000005001700005008004100022010001000063011001000073035001000083040000900093082001700102100002300119245003800142260004100180300002000221650001600241650003100257700001600288CHAP20220329134311.0971013s1957 r 00010 d a18388 a19360 a23445 cCHAP a595.752bB6300aBodenheimer, F. S.14aThe aphidoidea of the middle east aJerusalem :bWeizmann Science,c1957 a378 p.b: ilus.14aAfídidos.14aInsectosxCercano Oriente.0 aSwirski, E.